000 00604nam a2200193Ia 4500
003 IN-BaIIA
008 211028s9999 xx 000 0 eng d
020 _a978-0-230-22020-1
040 _cIIA Library
080 _a92
_bMEA
100 _aMeadows, A. J
_96330
245 0 _aScience and controversy
_ba biography of Sir Norman Lockyer
_cA. J Meadows
250 _a2nd ed.
260 _aLondon
_bMacmillan
_c2008
300 _axvi, 352p.
650 _aNorman Lockyer - Biography
_933079
650 _aScience biography - Norman Lockyer
_933080
942 _cBK
999 _c17503
_d17503